Viết thư doanh nghiệp bằng phương pháp hay nhất Business letters the easy way

محفوظ في:
التفاصيل البيبلوغرافية
المؤلف الرئيسي: Geffner, Andrea B.
مؤلفون آخرون: Đức Tài (dịch), Đức Trọng (dịch)
التنسيق: كتاب
اللغة:Vietnamese
منشور في: Tp.HCM Nxb. Trẻ 1993
الموضوعات:
الوسوم: إضافة وسم
لا توجد وسوم, كن أول من يضع وسما على هذه التسجيلة!
Thư viện lưu trữ: Mạng thư viện Đại học Đà Nẵng
LEADER 01195nam a2200337 4500
001 000024987
003 21478
005 20170418100415.0
008 170411s1993 viesd
041 0 |a vie 
082 1 4 |a 428.2  |b GE-A 
100 1 |a Geffner, Andrea B. 
245 1 0 |a Viết thư doanh nghiệp bằng phương pháp hay nhất  |b Business letters the easy way  |c Andrea B. Geffner ; Đức Trọng, Đức Tài 
260 |a Tp.HCM  |b Nxb. Trẻ  |c 1993 
300 |a 240 tr.  |c 24 cm. 
650 0 4 |a English language  |x Writing 
650 0 4 |a Tiếng Anh  |x Thực hành viết thư doanh nghiệp 
653 |a Tiếng Anh 
653 |a Viết thư doanh nghiệp 
700 1 |a Đức Tài  |e dịch 
700 1 |a Đức Trọng  |e dịch 
OWN |a LSP 
AVA |a UDN50  |b LSP  |d 428.2 GE-A  |e available  |t Error 5001 Not defined in file expand_doc_bib_avail.  |f 1  |g 0  |h N  |i 0  |k 1 
999 |a From the UDN01 
AVA |a UDN50  |b LSP  |d 428.2 GE-A  |e available  |t Error 5001 Not defined in file expand_doc_bib_avail.  |f 1  |g 0  |h N  |i 0  |k 1 
TYP |a Monograph 
TYP |a Printed language 
980 |a Mạng thư viện Đại học Đà Nẵng